[Event "Gijon"]
[Site "Gijon"]
[Date "2021.08.04"]
[Round "5"]
[White "Fernandez Torre, Ivan"]
[Black "Razafindratsima, Timothe"]
[Result "1/2-1/2"]
[WhiteElo "2154"]
[BlackElo "2355"]
[PlyCount "207"]
[EventDate "2021.08.01"]
[EventType "tourn"]
[EventRounds "9"]
[EventCountry "ESP"]
[EventCategory "3"]
[SourceTitle "EXT 2022"]
[Source "ChessBase"]
[SourceDate "2021.10.06"]
[SourceVersion "1"]
[SourceVersionDate "2021.10.06"]
[SourceQuality "1"]

1. d4 Nf6 2. c4 e6 3. Nc3 Bb4 4. e3 0-0 5. Nge2 c6 6. a3 Ba5 7. Qc2 d5 8. Ng3 Nbd7 9. cxd5 exd5 10. Bd3 Re8 11. 0-0 Bc7 12. e4 dxe4 13. Ncxe4 Nxe4 14. Nxe4 h6 15. Bd2 Nb6 16. Rfe1 Be6 17. Nc5 Qxd4 18. Nxe6 fxe6 19. Bc3 Qd7 20. Qe2 e5 21. Qe4 g5 22. h4 Nd5 23. Bc4 Kg7 24. Bd3 Kh8 25. hxg5 hxg5 26. Qg6 Qg7 27. Qh5+ Kg8 28. Bd2 e4 29. Bc4 Re6 30. Qxg5 Qxg5 31. Bxg5 Rf8 32. Rad1 Rf5 33. f4 exf3 34. Rxe6 Rxg5 35. Bxd5 Rxg2+ 36. Kf1 cxd5 37. Rf6 Rxb2 38. Rxf3 Rb5 39. Rdd3 Rb1+ 40. Ke2 Rb2+ 41. Kd1 Rb5 42. Rf5 Bd6 43. Rdf3 Rb1+ 44. Kc2 Rg1 45. Rxd5 Rg6 46. Rfd3 Bf8 47. Rd7 Rg7 48. Rxg7+ Kxg7 49. Rd7+ Kf6 50. Kb3 Ke6 51. Rxb7 Bc5 52. a4 Kd5 53. Rh7 a5 54. Rh5+ Kc6 55. Kc4 Bb4 56. Rh6+ Kc7 57. Kb5 Kd7 58. Rh7+ Kd6 59. Rh6+ Kd7 60. Rg6 Bc3 61. Rc6 Bb4 62. Rc4 Kd6 63. Kb6 Kd7 64. Rd4+ Ke6 65. Kc6 Ke5 66. Rd8 Ke6 67. Re8+ Kf7 68. Re2 Kf6 69. Kb5 Bc3 70. Re4 Bb4 71. Kc4 Kf5 72. Kd3 Ba3 73. Re8 Bb4 74. Kd4 Kf6 75. Re4 Kf5 76. Kd3 Ba3 77. Rh4 Ke6 78. Rh6+ Kd7 79. Kc4 Bb4 80. Kd5 Kc7 81. Rh7+ Kb6 82. Rf7 Bc3 83. Rf3 Bb4 84. Rf6+ Kc7 85. Rc6+ Kb7 86. Rc2 Kb6 87. Rc6+ Kb7 88. Rg6 Kc7 89. Kc4 Ba3 90. Kb5 Bb4 91. Rg4 Kd6 92. Rh4 Kd7 93. Rh6 Kc7 94. Rg6 Kd7 95. Kb6 Bc3 96. Rh6 Bb4 97. Rh1 Bc3 98. Rd1+ Ke6 99. Kc6 Bb4 100. Rd3 Ke5 101. Re3+ Kf5 102. Kd5 Kf6 103. Re6+ Kf7 104. Ra6 1/2-1/2

[Event "Gijon"]
[Site "Gijon"]
[Date "2021.08.02"]
[Round "3"]
[White "Fernandez Torre, Ivan"]
[Black "Borges, Guilherme Deola"]
[Result "0-1"]
[WhiteElo "2154"]
[BlackElo "2130"]
[PlyCount "95"]
[EventDate "2021.08.01"]
[EventType "tourn"]
[EventRounds "9"]
[EventCountry "ESP"]
[EventCategory "3"]
[SourceTitle "EXT 2022"]
[Source "ChessBase"]
[SourceDate "2021.10.06"]
[SourceVersion "1"]
[SourceVersionDate "2021.10.06"]
[SourceQuality "1"]

1. e4 c5 2. Nf3 e6 3. d4 cxd4 4. Nxd4 Nc6 5. Nc3 Qc7 6. g3 a6 7. Bg2 Nf6 8. 0-0 Nxd4 9. Qxd4 Bc5 10. Bf4 d6 11. Qd2 h6 12. Rad1 e5 13. Be3 Bb4 14. a3 Bxc3 15. Qxc3 Qxc3 16. bxc3 Be6 17. Rxd6 Nd7 18. f4 Ke7 19. fxe5 Rac8 20. Bd4 f6 21. Rxe6+ Kxe6 22. Bh3+ Ke7 23. exf6+ gxf6 24. Bxd7 Kxd7 25. Rxf6 Rh7 26. Rb6 Ke8 27. Re6+ Kd7 28. Rb6 Ke8 29. g4 Rc6 30. Kg2 Rxb6 31. Bxb6 h5 32. g5 Re7 33. Kf3 Re5 34. Kf4 Rb5 35. Bd4 Kf7 36. h4 Kg6 37. c4 Rb1 38. Ke5 Rh1 39. Kd5 Rxh4 40. Bf6 Rg4 41. e5 h4 42. e6 h3 43. Kd6 h2 44. e7 Re4 45. Be5 Rxe5 46. Kxe5 Kf7 47. g6+ Kxe7 48. Kd4 0-1

[Event "Trevis San Miguel op 26th"]
[Site "Trevis"]
[Date "2020.09.19"]
[Round "2.1"]
[White "Fernandez Torre, Ivan"]
[Black "Vergara Anton, Diego"]
[Result "0-1"]
[WhiteElo "2200"]
[BlackElo "2151"]
[PlyCount "111"]
[EventDate "2020.09.19"]
[EventType "swiss"]
[EventRounds "3"]
[EventCountry "ESP"]
[SourceTitle "EXT 2024"]
[Source "ChessBase"]
[SourceDate "2023.10.10"]
[SourceVersion "1"]
[SourceVersionDate "2023.10.10"]
[SourceQuality "1"]

1. e4 e6 2. Nf3 d5 3. Nc3 Nf6 4. e5 Nfd7 5. d4 c5 6. dxc5 Nc6 7. Bf4 Be7 8. Bb5 Nxc5 9. Qe2 a6 10. Bd3 b5 11. h4 b4 12. Nb1 Nxd3+ 13. cxd3 a5 14. Nbd2 Ba6 15. h5 h6 16. 0-0 Qb6 17. Rfc1 Rc8 18. Be3 Qb5 19. Nb3 Qxd3 20. Qxd3 Bxd3 21. Nxa5 Kd7 22. Nxc6 Rxc6 23. Rxc6 Kxc6 24. Rc1+ Kd7 25. Nd4 Ra8 26. Nc6 Bf8 27. Bd2 Rc8 28. Nd4 Bc5 29. Nb3 Be7 30. Nd4 Rc4 31. Be3 Rxc1+ 32. Bxc1 Bc5 33. Nb3 Be7 34. Nd4 Bc4 35. a3 Bc5 36. Nc2 b3 37. Ne1 Be2 38. Nf3 Bxf3 39. gxf3 Bd4 40. f4 Kc6 41. Kf1 Kb5 42. Ke2 g6 43. f5 gxh5 44. fxe6 fxe6 45. f4 Kc4 46. a4 Kb4 47. Kd3 Bc5 48. f5 exf5 49. Bxh6 Kxa4 50. Bf4 Kb5 51. Kc3 h4 52. e6 Kc6 53. Kxb3 h3 54. Kc3 Bd6 55. e7 Bxe7 56. Kd4 0-1

[Event "ESP-chT CECLUB Div2"]
[Site "Linares"]
[Date "2019.08.20"]
[Round "2.3"]
[White "Quintin Navarro, Alberto"]
[Black "Fernandez Torre, Ivan"]
[Result "1-0"]
[WhiteElo "2376"]
[BlackElo "2164"]
[PlyCount "73"]
[EventDate "2019.08.19"]
[EventType "team-swiss"]
[EventRounds "7"]
[EventCountry "ESP"]
[SourceTitle "EXT 2020"]
[Source "ChessBase"]
[SourceDate "2019.10.17"]
[SourceVersion "1"]
[SourceVersionDate "2019.10.17"]
[SourceQuality "1"]
[WhiteTeam "Casablanca Stadium"]
[BlackTeam "Covadonga Cultura"]
[WhiteTeamCountry "ESP"]
[BlackTeamCountry "ESP"]

1. c4 Nf6 2. Nc3 g6 3. e4 d6 4. d4 Bg7 5. Nf3 0-0 6. Be2 e5 7. d5 a5 8. Bg5 h6 9. Be3 Ng4 10. Bd2 f5 11. h3 Nf6 12. exf5 gxf5 13. Qc1 Kh7 14. g4 Ne4 15. Nxe4 fxe4 16. Qc2 Qf6 17. Qxe4+ Qg6 18. Qe3 Kg8 19. 0-0-0 Na6 20. Nh4 Qf6 21. Nf5 Bxf5 22. gxf5 Nb4 23. Rdg1 e4 24. Qb3 Qxf5 25. Bxh6 Rf7 26. Bxg7 Rxg7 27. Rxg7+ Kxg7 28. Rg1+ Kf7 29. Qg3 Rf8 30. Qg7+ Ke8 31. Qxc7 e3 32. Qb8+ Kf7 33. Qxb7+ Ke8 34. Qb8+ Kf7 35. Qa7+ Ke8 36. Qxe3+ Kf7 37. Bh5+ 1-0

[Event "ESP-chT CECLUB Div2"]
[Site "Linares"]
[Date "2018.08.15"]
[Round "2.5"]
[White "Fernandez Torre, Ivan"]
[Black "Figuero Toro, Julian Francisco"]
[Result "0-1"]
[WhiteElo "2128"]
[BlackElo "2263"]
[PlyCount "90"]
[EventDate "2018.08.14"]
[EventType "team-swiss"]
[EventRounds "7"]
[EventCountry "ESP"]
[SourceTitle "CBM 186 Extra"]
[Source "ChessBase"]
[SourceDate "2018.08.24"]
[SourceVersion "1"]
[SourceVersionDate "2018.08.24"]
[SourceQuality "1"]
[WhiteTeam "Covadonga Cultura"]
[BlackTeam "Casareno iAcere"]
[WhiteTeamCountry "ESP"]
[BlackTeamCountry "ESP"]

1. d4 d5 2. c4 c6 3. Nc3 Nf6 4. e3 a6 5. b3 Bf5 6. Bd2 e6 7. Nf3 h6 8. Be2 Nbd7 9. 0-0 Bd6 10. c5 Bc7 11. b4 Ne4 12. a4 0-0 13. Nxe4 dxe4 14. Ne1 Rc8 15. f4 exf3 16. gxf3 e5 17. e4 Bh3 18. d5 Bxf1 19. Bxf1 cxd5 20. exd5 Nxc5 21. bxc5 Qxd5 22. Be3 Qc6 23. Qb3 Rb8 24. Bd3 Kh8 25. Bf5 e4 26. Bxe4 Qe8 27. Bd4 f5 28. Bxb7 Qh5 29. f4 Bxf4 30. Nf3 Rfe8 31. Kf2 Re7 32. c6 Qe8 33. Qc4 Bc7 34. Bxa6 Re4 35. Re1 Qh5 36. Bb7 Rxe1 37. Nxe1 Qxh2+ 38. Ng2 Qg3+ 39. Kg1 Rd8 40. Qc3 Qg4 41. Be5 Rd1+ 42. Kh2 Qh5+ 43. Kg3 Qg5+ 44. Kh2 Rd2 45. Bg3 f4 0-1

[Event "ESP-chT CECLUB Div2"]
[Site "Linares"]
[Date "2018.08.15"]
[Round "3.8"]
[White "Lobo Rodriguez, Jesus Angel"]
[Black "Fernandez Torre, Ivan"]
[Result "0-1"]
[WhiteElo "2068"]
[BlackElo "2128"]
[PlyCount "100"]
[EventDate "2018.08.14"]
[EventType "team-swiss"]
[EventRounds "7"]
[EventCountry "ESP"]
[SourceTitle "CBM 186 Extra"]
[Source "ChessBase"]
[SourceDate "2018.08.24"]
[SourceVersion "1"]
[SourceVersionDate "2018.08.24"]
[SourceQuality "1"]
[WhiteTeam "Grupo 64"]
[BlackTeam "Covadonga Cultura"]
[WhiteTeamCountry "ESP"]
[BlackTeamCountry "ESP"]

1. d4 Nf6 2. c4 g6 3. Nc3 Bg7 4. e4 d6 5. Nf3 0-0 6. Be2 Na6 7. 0-0 c5 8. d5 Nc7 9. h3 a6 10. a4 Rb8 11. Bf4 Nh5 12. Bh2 Bh6 13. Re1 Nf4 14. Bxf4 Bxf4 15. g3 Bh6 16. Bf1 e5 17. dxe6 fxe6 18. e5 d5 19. Bg2 b5 20. axb5 axb5 21. Nxb5 Nxb5 22. cxb5 Rxb5 23. Qc2 Qb6 24. Ra2 Rb3 25. Nd2 c4 26. Nf1 Bb7 27. h4 Rd3 28. Re2 Bc6 29. g4 Bf4 30. Ra3 Rxa3 31. bxa3 Qb3 32. Ne3 Bxe3 33. fxe3 Qxc2 34. Rxc2 Ba4 35. Rc1 Bb3 36. Ra1 c3 37. Bf1 c2 38. Be2 Ra8 39. Kf2 Rxa3 40. Rxa3 c1Q 41. Rxb3 Qc7 42. Ra3 Qxe5 43. Ra8+ Kg7 44. Ra7+ Kf8 45. Rxh7 Qh2+ 46. Ke1 d4 47. exd4 Qg1+ 48. Kd2 Qxd4+ 49. Ke1 Kg8 50. Re7 Qb4+ 0-1

[Event "ESP-ch rapid"]
[Site "Linares"]
[Date "2017.08.13"]
[Round "3"]
[White "Fernandez Torre, Ivan"]
[Black "Narciso Dublan, Marc"]
[Result "0-1"]
[WhiteElo "2152"]
[BlackElo "2467"]
[PlyCount "38"]
[EventDate "2017.08.13"]
[EventType "swiss (rapid)"]
[EventRounds "9"]
[EventCountry "ESP"]
[SourceTitle "CBM 179 Extra"]
[Source "ChessBase"]
[SourceDate "2017.08.23"]
[SourceVersion "1"]
[SourceVersionDate "2017.08.23"]
[SourceQuality "1"]

1. d4 e6 2. c4 f5 3. Nc3 Bb4 4. e3 Bxc3+ 5. bxc3 Nf6 6. Bd3 0-0 7. Ne2 d6 8. 0-0 e5 9. f3 c5 10. e4 fxe4 11. fxe4 Bg4 12. Bg5 cxd4 13. cxd4 Nc6 14. d5 Nd4 15. Bxf6 Rxf6 16. Rxf6 Qxf6 17. Qf1 Qxf1+ 18. Kxf1 Rf8+ 19. Ke1 Bxe2 0-1

[Event "EU-Cup 31st"]
[Site "Skopje"]
[Date "2015.10.22"]
[Round "5.5"]
[White "Van der Werf, Mark"]
[Black "Fernandez Torre, Ivan"]
[Result "1-0"]
[WhiteElo "2415"]
[BlackElo "2141"]
[PlyCount "115"]
[EventDate "2015.10.18"]
[EventType "team-swiss"]
[EventRounds "7"]
[EventCountry "MKD"]
[SourceTitle "CBM 169"]
[Source "ChessBase"]
[SourceDate "2015.11.10"]
[SourceVersion "1"]
[SourceVersionDate "2015.11.10"]
[SourceQuality "1"]
[WhiteTeam "Leiden LSG"]
[BlackTeam "Dias Ferreira"]
[WhiteTeamCountry "NED"]
[BlackTeamCountry "POR"]

1. c4 Nf6 2. Nc3 g6 3. e4 d6 4. d4 Bg7 5. Nf3 0-0 6. Be2 e5 7. Be3 Nbd7 8. 0-0 Ng4 9. Bg5 f6 10. Bh4 h5 11. Bg3 Kh7 12. Qc2 c6 13. Rad1 Qe8 14. b4 Rf7 15. d5 c5 16. a3 Bf8 17. Ne1 Nh6 18. Nd3 b6 19. Nb5 Qd8 20. f4 a6 21. Nc3 Rg7 22. f5 gxf5 23. exf5 Ng4 24. Rf3 Rg8 25. h3 Nh6 26. Ne4 Nb8 27. Rdf1 Be7 28. R3f2 cxb4 29. axb4 a5 30. Bxh5 axb4 31. Nxb4 Ra3 32. Bg6+ Kg7 33. Rf3 Rxf3 34. Rxf3 b5 35. c5 dxc5 36. Nxc5 Qa5 37. Qc3 Rd8 38. Rf1 Bd6 39. Be1 Bd7 40. Ne4 Bxb4 41. Qxb4 Qxb4 42. Bxb4 Ng8 43. Ra1 Be8 44. Bxe8 Rxe8 45. Ra7+ Kh8 46. Ra8 Rc8 47. Kh2 Rc4 48. Rxb8 Rxe4 49. d6 Rd4 50. Rxb5 Nh6 51. Rb8+ Kg7 52. Rb7+ Kg8 53. d7 Nf7 54. Be7 e4 55. Bxf6 Rd5 56. Rb8+ Kh7 57. d8Q Nxd8 58. Rxd8 1-0

[Event "EU-Cup 31st"]
[Site "Skopje"]
[Date "2015.10.18"]
[Round "1.6"]
[White "Fernandez Torre, Ivan"]
[Black "Dvirnyy, Danyyil"]
[Result "0-1"]
[WhiteElo "2141"]
[BlackElo "2560"]
[PlyCount "72"]
[EventDate "2015.10.18"]
[EventType "team-swiss"]
[EventRounds "7"]
[EventCountry "MKD"]
[SourceTitle "CBM 169"]
[Source "ChessBase"]
[SourceDate "2015.11.10"]
[SourceVersion "1"]
[SourceVersionDate "2015.11.10"]
[SourceQuality "1"]
[WhiteTeam "Dias Ferreira"]
[BlackTeam "Padova"]
[WhiteTeamCountry "POR"]
[BlackTeamCountry "ITA"]

1. e4 d6 2. d4 Nf6 3. Nc3 e5 4. Nf3 Nbd7 5. Bc4 Be7 6. 0-0 0-0 7. a4 c6 8. Qe2 exd4 9. Nxd4 Re8 10. Ba2 Bf8 11. Bg5 h6 12. Bxf6 Qxf6 13. Qf3 Qxf3 14. Nxf3 g6 15. Rfe1 Kg7 16. Rad1 Nc5 17. Nd4 a5 18. Bc4 Bd7 19. Kf1 f5 20. exf5 gxf5 21. Be2 Kg6 22. Nf3 d5 23. Nh4+ Kf6 24. Bh5 Rxe1+ 25. Rxe1 Kg5 26. Be2 Kxh4 27. f4 Ne4 28. Rd1 Bd6 29. Nxe4 fxe4 30. c4 Bg4 31. g3+ Kh3 32. Bxg4+ Kxg4 33. cxd5 Kf3 34. dxc6 Bb4 35. cxb7 Rb8 36. Kg1 e3 0-1

[Event "ESP-chT CECLUB Div2"]
[Site "Linares"]
[Date "2014.08.19"]
[Round "3.1"]
[White "Fernandez Torre, Ivan"]
[Black "Antoli Royo, Joaquin Miguel"]
[Result "0-1"]
[WhiteElo "2233"]
[BlackElo "2428"]
[PlyCount "106"]
[EventDate "2014.08.18"]
[EventType "team-swiss"]
[EventRounds "6"]
[EventCountry "ESP"]
[SourceTitle "CBM 162 Extra"]
[Source "ChessBase"]
[SourceDate "2014.10.17"]
[SourceVersion "1"]
[SourceVersionDate "2014.10.17"]
[SourceQuality "1"]
[WhiteTeam "Covadonga Cultura"]
[BlackTeam "Jaime Casas"]
[WhiteTeamCountry "ESP"]
[BlackTeamCountry "ESP"]

1. e4 c5 2. Nf3 d6 3. d4 cxd4 4. Nxd4 Nf6 5. Nc3 Nc6 6. Bg5 Bd7 7. Qd2 Rc8 8. f4 h6 9. Bh4 Qb6 10. Nb3 Nb4 11. Bf2 Qd8 12. Bd3 e6 13. a3 Nxd3+ 14. Qxd3 Bc6 15. 0-0-0 Be7 16. Qe2 Qc7 17. Nd4 0-0 18. Ndb5 Bxb5 19. Nxb5 Qc4 20. Qxc4 Rxc4 21. e5 dxe5 22. fxe5 Ne4 23. Be3 a6 24. Nd6 Bxd6 25. exd6 Rd8 26. b3 Rc6 27. Rd4 Nc3 28. Kb2 Nd5 29. Bc1 Rcxd6 30. Rhd1 R6d7 31. c4 Nf6 32. Rxd7 Rxd7 33. Rxd7 Nxd7 34. Kc3 e5 35. b4 f5 36. c5 Kf7 37. Kc4 Ke6 38. a4 g5 39. h4 gxh4 40. Bxh6 f4 41. Bg5 f3 42. Bxh4 fxg2 43. Bf2 Nf6 44. Bg1 Ne4 45. Kd3 Ng5 46. b5 axb5 47. axb5 Kd5 48. c6 bxc6 49. b6 Kd6 50. Kc4 Nf3 51. Bc5+ Kd7 52. Kd3 Nd4 53. Ke4 Ke8 0-1

[Event "ESP-chT CECLUB Norte Div 1"]
[Site "Sabadell"]
[Date "2007.08.15"]
[Round "1"]
[White "Fernandez Torre, Ivan"]
[Black "Asis Gargatagli, Hipolito"]
[Result "0-1"]
[WhiteElo "2146"]
[BlackElo "2374"]
[PlyCount "70"]
[EventDate "2007.08.15"]
[EventType "team"]
[EventRounds "6"]
[EventCountry "ESP"]
[SourceTitle "CBM 119 Extra"]
[Source "ChessBase"]
[SourceDate "2007.09.04"]
[SourceVersion "1"]
[SourceVersionDate "2007.09.04"]
[SourceQuality "1"]

1. e4 e5 2. Nf3 Nc6 3. d4 exd4 4. Nxd4 Nf6 5. Nxc6 bxc6 6. Bd3 d5 7. e5 Ng4 8. 0-0 Bc5 9. Qe2 Qe7 10. Bf4 g5 11. Bg3 h5 12. e6 Bxe6 13. c3 Qf6 14. b4 Bd6 15. Nd2 Bxg3 16. fxg3 Qxc3 17. Bf5 Qe3+ 18. Qxe3 Nxe3 19. Bxe6 Nxf1 20. Bxf7+ Kxf7 21. Rxf1+ Kg7 22. Nf3 g4 23. Nd4 Rae8 24. Nxc6 Rhf8 25. Rc1 Re4 26. b5 Rfe8 27. Kf1 Rf8+ 28. Kg1 Rfe8 29. Kf1 Rc4 30. Rd1 Rc2 31. Nb4 Rb2 32. a3 Rf8+ 33. Kg1 Rff2 34. Nd3 Rxg2+ 35. Kf1 Rbd2 0-1

[Event "Oviedo op"]
[Site "Oviedo"]
[Date "2007.07.25"]
[Round "5"]
[White "Fernandez Torre, Ivan"]
[Black "Millara Gonzalez, Arturo"]
[Result "1-0"]
[WhiteElo "2146"]
[BlackElo "1746"]
[PlyCount "75"]
[EventDate "2007.07.21"]
[EventType "swiss"]
[EventRounds "9"]
[EventCountry "ESP"]
[SourceTitle "EXT 2008"]
[Source "ChessBase"]
[SourceDate "2007.11.25"]
[SourceVersion "1"]
[SourceVersionDate "2007.11.25"]
[SourceQuality "1"]

1. d4 Nf6 2. g3 d5 3. Bg2 c6 4. Nf3 Bf5 5. 0-0 e6 6. Nh4 Bd6 7. a4 Nbd7 8. Nd2 Bg6 9. c4 c5 10. cxd5 exd5 11. dxc5 Nxc5 12. Nb3 Be4 13. Nd4 Bxg2 14. Kxg2 0-0 15. Nb5 Re8 16. Nf5 Be5 17. Be3 b6 18. Rb1 Qd7 19. Nfd4 Ng4 20. b4 Nxe3+ 21. fxe3 Ne4 22. Nf3 a6 23. Nbd4 Nc3 24. Qd3 Ne4 25. a5 Bxg3 26. hxg3 Qg4 27. Nh2 Qxg3+ 28. Kh1 Nf2+ 29. Rxf2 Qxf2 30. Nf5 g6 31. Rf1 Qxf1+ 32. Nxf1 gxf5 33. axb6 Rab8 34. Ng3 Rxb6 35. Nxf5 Rxb4 36. Qc3 Rb1+ 37. Kg2 Kf8 38. Qg7# 1-0

[Event "Pablo Moran Memorial blindfold"]
[Site "Oviedo"]
[Date "2005.12.18"]
[Round "4"]
[White "Aparicio Garcia, Enrique"]
[Black "Fernandez Torre, Ivan"]
[Result "0-1"]
[WhiteElo "2154"]
[BlackElo "2183"]
[PlyCount "60"]
[EventDate "2005.12.18"]
[EventType "tourn"]
[EventRounds "5"]
[EventCountry "ESP"]
[SourceTitle "CBM 110 Extra"]
[Source "ChessBase"]
[SourceDate "2006.03.10"]
[SourceVersion "2"]
[SourceVersionDate "2006.03.10"]
[SourceQuality "1"]

1. Nc3 d5 2. d4 c6 3. e4 dxe4 4. Nxe4 g6 5. Bc4 Bg7 6. Nf3 Nf6 7. Neg5 0-0 8. Ne5 e6 9. 0-0 h6 10. Ngf3 Nbd7 11. c3 c5 12. Be3 cxd4 13. Bxd4 Qc7 14. Qc2 Nb6 15. Bb3 Nbd5 16. Rfe1 a5 17. Rad1 b6 18. Qd3 Ba6 19. Qb1 Rad8 20. Nh4 Nf4 21. Nhxg6 Nxg6 22. Nxg6 fxg6 23. Qxg6 Bc4 24. Bc2 Qf7 25. Qxf7+ Kxf7 26. b3 Bd5 27. c4 Bc6 28. Bxb6 Rb8 29. Bxa5 Nd7 30. Bb4 Rxb4 0-1

[Event "Asturias-ch"]
[Site "Oviedo"]
[Date "2004.03.06"]
[Round "4"]
[White "Fernandez Torre, Ivan"]
[Black "Monge Garcia, Carlos Eloy"]
[Result "0-1"]
[WhiteElo "2171"]
[BlackElo "1952"]
[PlyCount "122"]
[EventDate "2004.02.21"]
[EventType "swiss"]
[EventRounds "11"]
[EventCountry "ESP"]
[SourceTitle "EXT 2005"]
[Source "ChessBase"]
[SourceDate "2004.11.15"]
[SourceVersion "1"]
[SourceVersionDate "2004.11.15"]
[SourceQuality "1"]

1. e4 g6 2. Nc3 Bg7 3. Bc4 d6 4. d4 Nf6 5. f3 c6 6. Be3 0-0 7. Bb3 e5 8. dxe5 dxe5 9. Qxd8 Rxd8 10. Nge2 Na6 11. Na4 Nc7 12. Nc5 b6 13. Nd3 Nfe8 14. 0-0-0 Be6 15. Nb4 c5 16. Nc6 Rxd1+ 17. Rxd1 c4 18. Ba4 b5 19. Bxa7 bxa4 20. Nc3 Bf6 21. g3 Bc8 22. Be3 a3 23. bxa3 Rxa3 24. Kb2 Ra6 25. Nb4 Rd6 26. Nbd5 Nxd5 27. Nxd5 Kg7 28. Bc5 Rd7 29. Rh1 Bd8 30. Kc3 Ba6 31. Nb4 Ba5 32. Bb6 Bxb6 33. Nxa6 Ra7 34. Nb4 Nd6 35. Nc6 Rxa2 36. Nxe5 Ba5+ 37. Kd4 Rxc2 38. Kc5 Rd2 39. Nxc4 Nxc4 40. Kxc4 Bc7 41. Kc3 Ba5+ 42. Kc4 Bc7 43. Kc3 Rf2 44. f4 Re2 45. Kd3 Rg2 46. e5 Bd8 47. Ke4 Bb6 48. Rb1 Bg1 49. f5 gxf5+ 50. Kxf5 Bxh2 51. Rb7 Re2 52. Rb3 h6 53. Rc3 Bg1 54. Rc4 Bf2 55. Rb4 Re3 56. g4 Bg3 57. Rb5 Rf3+ 58. Ke4 Rf4+ 59. Kd5 Rxg4 60. Rb3 Rg5 61. Re3 f6 0-1